000 00372nam a2200145Ia 4500
008 240624s9999 xx 000 0 und d
041 _aeng
082 _a006.312 FER
100 _aFERNANDEZ GEORGE
245 _aSTATISTICAL DATA MINING USING SAS APPLIC
250 _a(2nd ed.)
260 _c2010
_bCRC Press
300 _axxiii : cm. : p. ; 26 ; 477
365 _cBPS
_b30
999 _c28564
_d28564